|
|
|
|
| LEADER |
00000nam a2200000 a 4500 |
| 001 |
vtls001225348 |
| 003 |
SK-MaSNL |
| 005 |
20260302032026.0 |
| 008 |
240313s1996 xr a cze |
| 020 |
|
|
|a 8085873664
|c b.c.
|
| 035 |
|
|
|a SNK000172328
|
| 035 |
|
|
|a urn:nbn:sk:snk-amtj14
|
| 035 |
|
|
|a urn:nbn:sk:snk-am00c677
|
| 035 |
|
|
|a 165B3247-E049-43AA-A048-8C71B97CF227
|
| 040 |
|
|
|a SNK
|b slo
|c SNK
|e AACR2
|
| 041 |
0 |
|
|a cze
|
| 044 |
|
|
|a CZ
|
| 080 |
|
|
|a 830-93=850
|2 1981
|
| 080 |
|
|
|a 830-34=850
|2 1981
|
| 100 |
1 |
|
|a Meinardus, Elke
|4 aut
|9 251542
|
| 245 |
1 |
|
|a Zapomnětlivý Punťa
|b velká knížka o zvířatkách pro malé čtenáře
|c text Elke Meinardusová ; ilustrace Ray Cresswell ... [et al.] ; z německého originálu přeložila Jaroslava Křivská
|
| 250 |
|
|
|a 2. vyd.
|
| 260 |
|
|
|a Praha
|b Fortuna Print
|c 1996
|e [Martin]
|f [Neografia]
|
| 300 |
|
|
|a 141 s.
|c 27 cm
|
| 650 |
0 |
7 |
|a literatúra nemecká
|x rozprávky
|2 SNK
|9 288814
|
| 650 |
0 |
7 |
|a rozprávky nemecké
|2 SNK
|9 288815
|
| 700 |
1 |
|
|a Cresswell, Ray
|4 ill
|9 245344
|
| 919 |
|
|
|a 80-85873-66-4
|
| 999 |
|
|
|c 1054635
|d 1056565
|
| 952 |
|
|
|t P60, <03>, [BOOK], {603}
|a SNK
|b SNK
|y PREZ
|7 0
|p 17A0052706
|o snkSB 56694
|i snkKSP 2660/97
|0 0
|1 0
|4 0
|d 1997-03-11
|f 1
|l 0
|r 2025-04-02 00:00:00
|w 2026-02-24
|